Stenografická správa o 8. schôdzi Národnej rady Slovenskej republiky konanej 17., 18. a 19. novembra 1992 10. volebné obdobie

Guardado en:
Detalles Bibliográficos
Formato: Libro
Lenguaje:eslovaco
Publicado: Bratislava Národná rada SR 1993
Edición:1. vyd.
Materias:
Etiquetas: Agregar Etiqueta
Sin Etiquetas, Sea el primero en etiquetar este registro!

MARC

LEADER 00000nam a2200000 4500
001 c012785
005 20221214083759.2
041 0 |a slo 
044 |a SK 
245 1 0 |a Stenografická správa o 8. schôdzi Národnej rady Slovenskej republiky konanej 17., 18. a 19. novembra 1992  |b 10. volebné obdobie 
250 |a 1. vyd. 
264 1 |a Bratislava  |b Národná rada SR  |c 1993 
300 |a 286 s. 
610 2 0 |a parlamenty 
610 2 0 |a Slovensko 
610 2 0 |a schôdze 
610 2 0 |a dlhopisy 
610 2 0 |a diela vodné 
610 2 0 |a Gabčíkovo-Nagymaros 
610 2 0 |a NBS Bratislava